Kaznodzieja narodu

Titel: Kaznodzieja narodu / Marek Balon, Jacek Bartyzel, Grzegorz Kucharczyk, Krzysztof Koehler ; album z fotografiami Stanisława Markowskiego
Verfasser: ; ; ;
Beteiligt:
Ausgabe: Wydanie 1
Veröffentlicht: Kraków : Stowarzyszenie Kultury Chrześcijańskiej im. Ks. Piotra Skargi, [2012?]
Umfang: 155 Seiten : Illustrationen ; 21x26 cm
Format: Buch
Sprache: Polnisch
Schlagworte:
ISBN: 8388739387 ; 9788388739385
Buchumschlag
X
alg: 40390177
001A    $03004:01-06-17 
001B    $01999:15-06-17 $t11:31:16.000 
001C    $03004:01-06-17 $t09:46:29.000 
001D    $03004:01-06-17 
001U    $0utf8 
001X    $00 
002@    $0Aau 
002C    $aText $btxt $2rdacontent 
002D    $aohne Hilfsmittel zu benutzen $bn $2rdamedia 
002E    $aBand $bnc $2rdacarrier 
003@    $0403901774 
003O    $0829789106 $aOCoLC 
004A    $083-88739-38-7 
004A    $A978-83-88739-38-5 
007A    $0403901774 $aHEB 
007G    $0DE0204A6D424CC21F82F4C125813F00411984 
009P    $qapplication/pdf $A2 $3Inhaltsverzeichnis $uhttp://scans.hebis.de/HEBCGI/show.pl?40390177_toc.pdf $mV:DE-603;B:DE-Mb50 
010@    $apol 
010E    $erda 
011@    $a2012 $n[2012?] 
013D    $#Beiträge Formschlagwort $#Einzelbeiträge $#Sammelwerk Formschlagwort $74143413-4 $8Aufsatzsammlung [Ts1] $9085562742 
013D    $RBiograf $RLebenslauf $RBiografik $#Biographies $#Biography $#Biographies -- Histoire et critique $#Biographie $#Biographisches Nachschlagewerk $#Lebensbeschreibung $#Berühmte Persönlichkeit Biografie $#Biografisches Nachschlagewerk $74006804-3 $8Biografie [Ts1] $9085010375 
021A    $aKaznodzieja narodu $hMarek Balon, Jacek Bartyzel, Grzegorz Kucharczyk, Krzysztof Koehler ; album z fotografiami Stanisława Markowskiego 
028A    $BVerfasser $4aut $7 $8Balon, Marek [Tn3] $9361991398 
028C    $BVerfasser $4aut $7124592856 $8Bartyzel, Jacek$Z1956- [Tp1] $9155244736 
028C    $BVerfasser $4aut $712313238X $8Kucharczyk, Grzegorz$Z1969- [Tp1] $9154126179 
028C    $BVerfasser $4aut $7 $8Koehler, Krzysztof [Tnd] $9178656224 
028C    $BFotograf $#מארקובסקי, סטניסלב $#Markowski, Stanislaw $4pht $7119175037 $8Markowski, Stanisław$Z1949- [Tp1] $9087515075 
032@    $aWydanie 1 
033A    $pKraków $nStowarzyszenie Kultury Chrześcijańskiej im. Ks. Piotra Skargi 
034D    $a155 Seiten 
034I    $a21x26 cm 
034M    $aIllustrationen 
037A    $aNoty o autorach 
044K    $#Skarga, Piotr $#Pawe̜zki, Piotr Skarga $#Powe̜ski, P. $#Skarga, Pierre $#Skarga, Petr $#Scarga von Paveski, Petrus $#Skarga, Peter $#Scarga, Petro $#Scarga, Petrus $#Scharga, Pjotr $#Scharga, Petrus $#Pawezki, Piotr Skarga $#Pawezki, Piotr $#Poweski, Piotr $#Poweski, Piotr Skarga $#Skarha, Petro $#Skarga, Petro $7119327384 $8Skarga, Piotr$Z1536-1612 [Tp1] $9087667193 

lok: 40390177 24

exp: 40390177 24 1 #EPN
201B/01 $006-06-17 $t10:06:29.000 
201C/01 $001-06-17 
201U/01 $0utf8 
203@/01 $01000127966 
208@/01 $a01-06-17 $bz 
209A/01 $a17.02758 $du $f050 $h17 02758 $x00 
209C/01 $a17.02758 K $h17 02758 K 
209G/01 $a73803551 $x00 
220C/01 $aho-sz 
247C/01 $8358050-7 Marburg, Bibliothek des Herder-Instituts Marburg $9102600961 

lok: 40390177 78

exp: 40390177 78 1 #EPN
201B/01 $020-07-18 $t14:31:24.000 
201C/01 $020-07-18 
201U/01 $0utf8 
203@/01 $01024823199 
208@/01 $a20-07-18 $be 
209A/01 $a/ $f000 $x00 
209A/01 $ab*p $x01 
209A/01 $a*ng $x03 
220C/01 $aeja 
244Z/01 $#Generalgouvernement Polen $#Polska $#Rzeczpospolita Polska $#Polska Rzeczpospolita Ludowa $#Poland $#Pologne $#République Polonaise $#Generalne Gubernatorstwo w Polsce $#Polish People's Republic $#Polska Rzeczpospolita Polen $#PRL $#RP $#Polen Generalgouvernement $#Polska Generalgouvernement $#Besetzte Polnische Gebiete $#Besetztes Gebiet in Polen $#Okupowane Polskie Obszary $#Obszary Okupowane w Polsce $#Volksrepublik Polen $#Polska Rosyjska $#Republic Polen $#Respublika Pol'ša $#Pol'skaja Narodnaja Respublika $#République de Pologne $#Polen Links der Weichsel $#Polska po Lewej Stronie Wisły $#Lenkija $#Polija $#Gubernija Carstva Pol'skago $#Republik Polen $74046496-9 $8--Tg1--Polen $x01 $9085129801 
247C/01 $82080>Marburg/Lahn, Herder-Institut, Forschungsbibliothek, Bibliographieportal $9336309341
LEADER 00000cam a2200000 c 4500
001 403901774
003 DE-603
005 20170615113116.0
007 tu
008 170601s2012 xx |||| | u00||u|pol c
020 |a 8388739387 
020 |a 9788388739385 
035 |a (DE-599)HEB403901774 
035 |a (OCoLC)829789106 
040 |a DE-603  |b ger  |c DE-603  |d DE-603  |e rda 
041 |a pol 
100 1 |a Balon, Marek  |e Verfasser  |4 aut  |0 (DE-603)361991398 
245 0 0 |a Kaznodzieja narodu  |c Marek Balon, Jacek Bartyzel, Grzegorz Kucharczyk, Krzysztof Koehler ; album z fotografiami Stanisława Markowskiego 
250 |a Wydanie 1 
264 1 |a Kraków  |b Stowarzyszenie Kultury Chrześcijańskiej im. Ks. Piotra Skargi  |c [2012?] 
300 |a 155 Seiten  |b Illustrationen  |c 21x26 cm 
336 |a Text  |b txt  |2 rdacontent 
337 |a ohne Hilfsmittel zu benutzen  |b n  |2 rdamedia 
338 |a Band  |b nc  |2 rdacarrier 
500 |a Noty o autorach 
600 1 7 |a Skarga, Piotr  |d 1536-1612  |0 (DE-588)119327384  |0 (DE-603)087667193  |2 gnd 
655 7 |a Aufsatzsammlung  |2 gnd-content  |0 (DE-588)4143413-4  |0 (DE-603)085562742 
655 7 |a Biografie  |2 gnd-content  |0 (DE-588)4006804-3  |0 (DE-603)085010375 
700 1 |a Bartyzel, Jacek  |d 1956-  |e Verfasser  |4 aut  |0 (DE-603)155244736  |0 (DE-588)124592856  |2 gnd 
700 1 |a Kucharczyk, Grzegorz  |d 1969-  |e Verfasser  |4 aut  |0 (DE-603)154126179  |0 (DE-588)12313238X  |2 gnd 
700 1 |a Koehler, Krzysztof  |e Verfasser  |4 aut  |0 (DE-603)178656224 
700 1 |a Markowski, Stanisław  |d 1949-  |e Fotograf  |4 pht  |0 (DE-603)087515075  |0 (DE-588)119175037  |2 gnd 
856 4 2 |m V:DE-603;B:DE-Mb50  |q application/pdf  |u http://scans.hebis.de/HEBCGI/show.pl?40390177_toc.pdf  |3 Inhaltsverzeichnis 
924 0 |9 Mb 50  |a (DE-603)1000127966  |b DE-Mb50  |c HES  |d c  |g 17.02758 
924 0 |9 2080  |a (DE-603)1024823199  |b DE-2080  |c HES  |d d  |g /